Emergency medicine : (Record no. 769)

000 -LEADER
fixed length control field 01647nam a22004217a 4500
001 - CONTROL NUMBER
control field 12986010
003 - CONTROL NUMBER IDENTIFIER
control field OSt
005 - DATE AND TIME OF LATEST TRANSACTION
control field 20210422052654.0
008 - FIXED-LENGTH DATA ELEMENTS--GENERAL INFORMATION
fixed length control field 021030s2004 nyua b 001 0 eng
010 ## - LIBRARY OF CONGRESS CONTROL NUMBER
LC control number 2002041097
020 ## - INTERNATIONAL STANDARD BOOK NUMBER
International Standard Book Number 0071388753
035 ## - SYSTEM CONTROL NUMBER
System control number (DNLM)101158193
040 ## - CATALOGING SOURCE
Original cataloging agency DNLM/DLC
Transcribing agency DLC
Modifying agency DLC
042 ## - AUTHENTICATION CODE
Authentication code pcc
050 00 - LIBRARY OF CONGRESS CALL NUMBER
Classification number RC86.7
Item number .E57828 2004
060 10 - NATIONAL LIBRARY OF MEDICINE CALL NUMBER
Classification number WB 105
Item number E552 2004
080 ## - UNIVERSAL DECIMAL CLASSIFICATION NUMBER
Universal Decimal Classification number 61
Item number T-59
082 00 - DEWEY DECIMAL CLASSIFICATION NUMBER
Classification number 616.02/5
Edition number 21
245 00 - TITLE STATEMENT
Title Emergency medicine :
Remainder of title a comprehensive study guide /
Statement of responsibility, etc. editor-in-chief, Judith E. Tintinalli ; co-editors, Gabor D. Kelen, J. Stephan Stapczynski.
250 ## - EDITION STATEMENT
Edition statement 6th ed.
260 ## - PUBLICATION, DISTRIBUTION, ETC.
Place of publication, distribution, etc. New York :
Name of publisher, distributor, etc. McGraw-Hill, Medical Pub. Division,
Date of publication, distribution, etc. c2004.
300 ## - PHYSICAL DESCRIPTION
Extent xxxix, 2043 p. :
Other physical details ill. (some col.) ;
Dimensions 28 cm.
504 ## - BIBLIOGRAPHY, ETC. NOTE
Bibliography, etc. note Includes bibliographical references and index.
650 #0 - SUBJECT ADDED ENTRY--TOPICAL TERM
Topical term or geographic name entry element Emergency medicine.
650 12 - SUBJECT ADDED ENTRY--TOPICAL TERM
Topical term or geographic name entry element Emergency Medicine.
650 22 - SUBJECT ADDED ENTRY--TOPICAL TERM
Topical term or geographic name entry element Emergencies.
653 ## - INDEX TERM--UNCONTROLLED
Uncontrolled term მედიცინა
653 ## - INDEX TERM--UNCONTROLLED
Uncontrolled term გადაუდებელი მედიცნა
700 1# - ADDED ENTRY--PERSONAL NAME
Personal name Tintinalli, Judith E.
700 1# - ADDED ENTRY--PERSONAL NAME
Personal name Kelen, Gabor D.
700 1# - ADDED ENTRY--PERSONAL NAME
Personal name Stapczynski, J. Stephan.
856 42 - ELECTRONIC LOCATION AND ACCESS
Materials specified Publisher description
Uniform Resource Identifier <a href="http://www.loc.gov/catdir/description/mh031/2002041097.html">http://www.loc.gov/catdir/description/mh031/2002041097.html</a>
856 41 - ELECTRONIC LOCATION AND ACCESS
Materials specified Table of contents
Uniform Resource Identifier <a href="http://www.loc.gov/catdir/toc/mh031/2002041097.html">http://www.loc.gov/catdir/toc/mh031/2002041097.html</a>
856 42 - ELECTRONIC LOCATION AND ACCESS
Materials specified Contributor biographical information
Uniform Resource Identifier <a href="http://www.loc.gov/catdir/enhancements/fy0705/2002041097-b.html">http://www.loc.gov/catdir/enhancements/fy0705/2002041097-b.html</a>
906 ## - LOCAL DATA ELEMENT F, LDF (RLIN)
a 7
b cbc
c orignew
d 1
e ocip
f 20
g y-gencatlg
942 ## - ADDED ENTRY ELEMENTS (KOHA)
Source of classification or shelving scheme
Koha item type Books
Holdings
Withdrawn status Lost status Source of classification or shelving scheme Damaged status Not for loan Permanent location Current location Date acquired Inventory number Total Checkouts Full call number Barcode Date last seen Price effective from Koha item type
          Ken Walker International University Ken Walker International University 12/21/2020 2133   61 T-59 2133 12/21/2020 12/21/2020 Books
          Ken Walker International University Ken Walker International University 12/22/2020 2283   61 T-59 2283 12/22/2020 12/22/2020 Books

Powered by Koha